000 02429ngm a2200445 4500
003 dpl
005 20100303134448.0
007 DVD
008 ||||||sp199 xxu|||||c ||| 00| 0 ng d
010 _aDVD-005794-5795 & DVD-6344-6347
024 _c45.00
_aTSDVD-1142
035 _aDVD-005794-5795
035 _aDVD-006344-6347
040 _aDPL
_cDPL
082 _aDVD / BHOO
245 _aBhoot
_cRam Gopal Verma Film Presents
_h[videorecording] DVD/
260 _bSuper Cassette Industries
300 _a1 videodisc DVD;
_bsd., col. ;
_c4 3/4 in.
_fDVD
440 _aT Series Home Entertainment
538 _aDolby Digital 5.1 - Hindi Subtitles: English
650 _aMotion Picture
700 _aNitin Manmohan
700 _aVerma, Ramgopal
700 _aSinha, Vishal
700 _aSharma, Sameer
700 _aMarathe, Lalit
700 _aDevgan, Ajay
700 _aMatondkar, Urmila
700 _aNana Patekar
700 _aRekha
942 _cCF
_2ddc
_hDVD
_mBHOO
999 _c34353
_d34353